<Die> Regionalpolitik der Europäischen Gemeinschaft: Eine theoretische und empirische Analyse ihres Wirkungsgrades und der Entwurf eines Systems konkurrierender Regionen als Ergänzung zur Strategie der Marktintegration in der Gemeinschaft
Salvato in:
| Autore principale: | |
|---|---|
| Natura: | Libro |
| Lingua: | tedesco |
| Pubblicazione: |
Bochum
Brockmeyer
1989
|
| Edizione: | 1. Aufl. |
| Soggetti: | |
| Tags: |
Nessun Tag, puoi essere il primo ad aggiungerne!!
|
MARC
| LEADER | 00000nam a2200000 4500 | ||
|---|---|---|---|
| 001 | c000731 | ||
| 005 | 20221215125437.8 | ||
| 020 | |a 3-88339-755-5 | ||
| 041 | 0 | |a ger | |
| 044 | |a DE | ||
| 245 | 1 | 0 | |a <Die> Regionalpolitik der Europäischen Gemeinschaft: Eine theoretische und empirische Analyse ihres Wirkungsgrades und der Entwurf eines Systems konkurrierender Regionen als Ergänzung zur Strategie der Marktintegration in der Gemeinschaft |c Jürgen Franke |
| 250 | |a 1. Aufl. | ||
| 264 | 1 | |a Bochum |b Brockmeyer |c 1989 | |
| 300 | |a 334 s. | ||
| 610 | 2 | 0 | |a rozvoj regionálny |
| 610 | 2 | 0 | |a Európske spoločenstvá |
| 610 | 2 | 0 | |a spolupráca hospodárska medzinárodná |
| 610 | 2 | 0 | |a ekonomika priestorová |
| 610 | 2 | 0 | |a konkurencia |
| 610 | 2 | 0 | |a ponuka |
| 610 | 2 | 0 | |a sektor verejný |
| 610 | 2 | 0 | |a rozdeľovanie |
| 100 | 1 | |a Franke, Jürgen | |